000 00681nam a22002057a 4500
005 20251108165412.0
008 250721s2002 xx 000 0 ara d
082 1 4 _a415.1/نحو
100 1 _aأبو علي النحوي، الحسن بن أحمد بن عبد بن أبان
245 1 0 _aالمسائل العسكريات في النحو العربي /
264 1 _aعمان :
_bدار العالمية،
_c2002.
300 _a152ص
650 1 7 _aقواعد اللغة
650 1 7 _aالأسماء (نحو)
650 1 7 _aالأفعال (نحو)
650 1 7 _aالنحو
700 1 _aالمنصوري، علي جابر
_eتحقيق
942 _2ddc
_cBK
999 _c27067
_d27067